| 000 | 00506nam a2200145 a 4500 | ||
|---|---|---|---|
| 001 | 000033550 | ||
| 005 | 20200930070336.0 | ||
| 008 | 110831s1894 dr 000 0 spa d | ||
| 040 |
_aDO-SdBNP _bspa _cBNPHU |
||
| 245 | 0 | _aMonumento a Duarte. | |
| 260 |
_aSanto Domingo : _bGarcía Hermanos, _c1894. |
||
| 300 |
_a134 p. ; _c24 cm. |
||
| 500 | _aExposición al Honorable Congreso Nacional, solicitando el permiso para la erección de la estatua del ilustre patricio | ||
| 710 | 1 |
_aJunta Central Directiva _959054 |
|
| 999 |
_c33041 _d33041 |
||